[Event "Chigorin Mem Blitz 2014"]
[Site "St Petersburg RUS"]
[Date "2014.10.17"]
[Round "13.11"]
[White "Guseva, Marina"]
[Black "Gabrielian, Artur"]
[Result "0-1"]
[WhiteTitle "IM"]
[BlackTitle "GM"]
[WhiteElo "2364"]
[BlackElo "2557"]
[WhiteFideId "4149351"]
[BlackFideId "4131002"]
[EventDate "2014.10.17"]

1. d4 Nf6 2. c4 e6 3. Nc3 c5 4. d5 exd5 5. cxd5 d6 6. e4 g6 7. Bd3 Bg7 8. h3 O-O
9. Nf3 a6 10. O-O Nh5 11. a4 Nd7 12. Bg5 Bf6 13. Bh6 Re8 14. Re1 Ne5 15. Nxe5
Bxe5 16. Qd2 Qf6 17. Bg5 Bf4 18. Bxf4 Nxf4 19. Bf1 Qg5 20. Kh2 Qe5 21. Kg1 h5
22. Ne2 Nxe2+ 23. Rxe2 Bd7 24. a5 Bb5 25. Re3 Bxf1 26. Rxf1 Qf6 27. f4 Qd4 28.
Qxd4 cxd4 29. Re2 d3 30. Re3 Rac8 31. Rd1 Rc4 32. Rdxd3 Rexe4 33. Rxe4 Rxe4 34.
Rb3 Ra4 35. Rxb7 Rxa5 36. Rb6 Rxd5 37. Rxa6 h4 38. Rb6 Kg7 39. Kf2 Rd2+ 40. Kf3
Rd3+ 41. Ke2 Rg3 42. Kf2 Rd3 43. Ke2 Rd5 44. b4 Kf6 45. Rb7 Rd4 46. Ke3 Rd1 47.
Kf3 Rb1 48. Kg4 Rb2 49. Kf3 d5 50. b5 Rb3+ 51. Kf2 Ke6 52. b6 f6 53. Ke2 Kf5 54.
Rb8 Kxf4 55. b7 f5 56. Kd2 g5 57. Kc2 Rb6 58. Kd3 Rb1 59. Kd4 Kg3 60. Rg8 Rxb7
61. Rxg5+ Kf4 62. Rg8 Rb5 63. Rh8 Rb2 64. Rxh4+ Kg3 65. Rh8 Rxg2 66. Kxd5 Re2
67. Rf8 f4 68. h4 f3 69. h5 f2 70. Rg8+ Kf3 71. Rf8+ Kg2 72. h6 Re7 73. Rg8+ Kf1
74. Rg7 Re3 75. h7 Rh3 76. Kd4 Ke2 77. Re7+ Kd2 78. Rf7 Rh4+ 79. Ke5 Ke3 80. Kd6
Rh6+ 81. Kc5 Ke2 82. Re7+ Kd2 83. Rf7 Ke3 84. Re7+ Kd2 85. Rf7 Ke2 86. Re7+ Kf1
87. Rf7 Rh3 88. Kb5 Ke2 89. Re7+ Kf3 90. Rf7+ Kg3 91. Kb4 Rh1 92. Kc3 Kg2 93.
Rg7+ Kf3 94. Rf7+ Ke2 95. Re7+ Kd1 96. Rf7 Rh3+ 97. Kb4 Ke2 98. Re7+ Kd3 99. Rf7
Rh4+ 100. Kb3 Ke3 101. Re7+ Kf3 102. Rf7+ Kg2 103. Rg7+ Kh2 104. Rf7 Rh3+ 105.
Kc4 Kg2 106. Rg7+ Kf3 107. Rf7+ Ke3 108. Kb4 Rxh7 0-1

[Event "Chigorin Mem Blitz 2014"]
[Site "St Petersburg RUS"]
[Date "2014.10.17"]
[Round "13.12"]
[White "Smirnov, Pavel"]
[Black "Yemelin, Vasily"]
[Result "0-1"]
[WhiteTitle "GM"]
[BlackTitle "GM"]
[WhiteElo "2611"]
[BlackElo "2568"]
[WhiteFideId "4123425"]
[BlackFideId "4113217"]
[EventDate "2014.10.17"]

1. d4 Nf6 2. c4 e6 3. Nc3 Bb4 4. g3 d5 5. Bg2 O-O 6. Nf3 dxc4 7. O-O Nc6 8. a3
Be7 9. e4 Na5 10. Be3 a6 11. Qc2 c5 12. dxc5 Qc7 13. Rad1 Bxc5 14. Bxc5 Qxc5 15.
e5 Nd7 16. Ne4 Qc7 17. Nd6 h6 18. b4 Nc6 19. Qxc4 Rd8 20. Rfe1 Ndxe5 21. Nxe5
Rxd6 22. Nxc6 bxc6 23. Rxd6 Qxd6 24. Qxc6 Qxc6 25. Bxc6 Ra7 26. Rd1 Rc7 27. Rd6
Kf8 28. Ba4 Bb7 29. Rb6 0-1